000 00342pab a2200145 454500
008 180718b1998 xxu||||| |||| 00| 0 eng d
100 _aGarner, Robert
245 _aDefending animal rights
260 _c1998
300 _ap.458-69
362 _aJul
650 _aWildlife conservation
773 _aParliamentary Affairs
909 _a38575
999 _c38575
_d38575